|
|
|
|
| LEADER |
02198nam a2200517 4500 |
| 001 |
978-3-540-70733-2 |
| 003 |
DE-He213 |
| 005 |
20191027102417.0 |
| 007 |
cr nn 008mamaa |
| 008 |
121227s1999 gw | s |||| 0|eng d |
| 020 |
|
|
|a 9783540707332
|9 978-3-540-70733-2
|
| 024 |
7 |
|
|a 10.1007/3-540-70733-6
|2 doi
|
| 040 |
|
|
|d GrThAP
|
| 050 |
|
4 |
|a QD380-388
|
| 072 |
|
7 |
|a PNNP
|2 bicssc
|
| 072 |
|
7 |
|a TEC055000
|2 bisacsh
|
| 072 |
|
7 |
|a PNNP
|2 thema
|
| 082 |
0 |
4 |
|a 541.2254
|2 23
|
| 245 |
1 |
0 |
|a Radical Polymerisation Polyelectrolytes
|h [electronic resource].
|
| 250 |
|
|
|a 1st ed. 1999.
|
| 264 |
|
1 |
|a Berlin, Heidelberg :
|b Springer Berlin Heidelberg :
|b Imprint: Springer,
|c 1999.
|
| 300 |
|
|
|a VII, 197 p. 9 illus.
|b online resource.
|
| 336 |
|
|
|a text
|b txt
|2 rdacontent
|
| 337 |
|
|
|a computer
|b c
|2 rdamedia
|
| 338 |
|
|
|a online resource
|b cr
|2 rdacarrier
|
| 347 |
|
|
|a text file
|b PDF
|2 rda
|
| 490 |
1 |
|
|a Advances in Polymer Science,
|x 0065-3195 ;
|v 145
|
| 505 |
0 |
|
|a Radical Polymerization of Polyoxyethylene Macromonomers in Disperse Systems -- Molecular Engineering of ?-Conjugated Polymers -- Diallyldimethylammonium Chloride and its Polymers.
|
| 650 |
|
0 |
|a Polymers .
|
| 650 |
|
0 |
|a Chemical engineering.
|
| 650 |
|
0 |
|a Condensed matter.
|
| 650 |
|
0 |
|a Organic chemistry.
|
| 650 |
1 |
4 |
|a Polymer Sciences.
|0 http://scigraph.springernature.com/things/product-market-codes/C22008
|
| 650 |
2 |
4 |
|a Industrial Chemistry/Chemical Engineering.
|0 http://scigraph.springernature.com/things/product-market-codes/C27000
|
| 650 |
2 |
4 |
|a Condensed Matter Physics.
|0 http://scigraph.springernature.com/things/product-market-codes/P25005
|
| 650 |
2 |
4 |
|a Organic Chemistry.
|0 http://scigraph.springernature.com/things/product-market-codes/C19007
|
| 710 |
2 |
|
|a SpringerLink (Online service)
|
| 773 |
0 |
|
|t Springer eBooks
|
| 776 |
0 |
8 |
|i Printed edition:
|z 9783662156124
|
| 776 |
0 |
8 |
|i Printed edition:
|z 9783662156117
|
| 776 |
0 |
8 |
|i Printed edition:
|z 9783540652106
|
| 830 |
|
0 |
|a Advances in Polymer Science,
|x 0065-3195 ;
|v 145
|
| 856 |
4 |
0 |
|u https://doi.org/10.1007/3-540-70733-6
|z Full Text via HEAL-Link
|
| 912 |
|
|
|a ZDB-2-CMS
|
| 912 |
|
|
|a ZDB-2-BAE
|
| 950 |
|
|
|a Chemistry and Materials Science (Springer-11644)
|